| 000 | 01055nam a2200349 a 4500 | ||
|---|---|---|---|
| 008 | |||
| 020 | _a9781473997158 (paperback) | ||
| 040 |
_aNUST _cNUST |
||
| 049 | _aMAIN | ||
| 090 |
_aREF LB2395 _bHOP |
||
| 100 | 1 |
_aHopkins, Diana., _aauthor. |
|
| 245 | 1 | 0 |
_aThe academic skills handbook/ _c Diana Hopkins & Tom Reid. |
| 260 |
_aLos Angeles : _bSAGE, _c2018. |
||
| 300 |
_axv, 325 pages : _bcolour illusrations ; _c25 cm. |
||
| 336 |
_atext _btxt _2rdacontent |
||
| 337 |
_aunmediated _bn _2rdamedia |
||
| 338 |
_avolume _bnc _2rdacarrier |
||
| 500 | _aIncludes index. | ||
| 650 | 1 | _aStudy skills. | |
| 650 | _aReport writing. | ||
| 650 | _aPublic speaking. | ||
| 650 | _aReading (Higher education). | ||
| 650 |
_aResearch _xMethodology. |
||
| 650 | _aSelf-presentation. | ||
| 650 | _aAcademic writing. | ||
| 650 | _aCritical thinking. | ||
| 700 |
_aReid, Tom., _aauthor. |
||
| 907 |
_a.b10403759 _b23-07-21 _c04-06-21 |
||
| 003 | |||
| 005 | 20230123141200.0 | ||
| 942 |
_cBOOKS _kREF LB2395 _mHOP |
||
| 999 |
_c169093 _d169093 |
||